| 000 | 00859nam a2200169 a 4500 | ||
|---|---|---|---|
| 001 | 000031559 | ||
| 005 | 20240229073937.0 | ||
| 008 | 110627s1954 dr r 000 0 spa d | ||
| 040 |
_aDO-SdBNP _bspa _cBNPHU |
||
| 082 |
_axxxx _bT866 |
||
| 100 | 1 |
_aTrujillo Molina, Rafael Leónidas, _d 1891-1961 _976764 |
|
| 245 | 1 | 0 | _aDiscurso pronunciado por su excenlencia el generalísimo doctor Rafael L. Trujillo M. al recibir el diploma de honor conferídole por la Asociación Médica Panamericana = Address delivered by his excellency generalissimo doctor RaFael L. Trujillo M. on receiving the diploma of honor bestowed upon him by the pan American Medical Association. |
| 260 |
_aCiudad Trujillo, República Dominicana : _b[s.n.], _c1954. |
||
| 300 |
_a13 p. ; _c23 cm. |
||
| 650 | 4 |
_aDiscursos presidenciales _910061 |
|
| 651 | 4 |
_aRepública Dominicana _xHistoria _9170 |
|
| 999 |
_c31051 _d31051 |
||